Валеология: учебное пособие

Dades bibliogràfiques
Autor principal: Прохорова Э. М. Эльза Модестовна
Autor corporatiu: Российский государственный университет туризма и сервиса (РГУТиС)
Sumari:Предлагаемое учебное пособие содержит сведения о строении и функционировании отдельных систем и органов, связи наследственности человека и его здоровья, природе психологической конституции человека, связи здоровья с окружающей средой, образом жизни человека, зависимости здоровья от отношения к своему здоровью, установок на здоровый образ жизни, знание своих возможностей, санитарно-гигиенические основы жизни. В программу курса включены также основы биоритмологии, поскольку большинство процессов, происходящих в организме, синхронизированы с периодическими солнечно-лунно-земными, а также космическими влияниями.
Idioma:rus
Publicat: Москва, Инфра-М, 2009
Col·lecció:Высшее образование
Matèries:
Format: MixedMaterials Llibre
KOHA link:https://koha.lib.tpu.ru/cgi-bin/koha/opac-detail.pl?biblionumber=167339

MARC

LEADER 00000nam0a2200000 4500
001 167339
005 20231101222703.0
010 |a 9785160035697 
035 |a (RuTPU)RU\TPU\book\181541 
090 |a 167339 
100 |a 20091014d2009 m y0rusy50 ca 
101 0 |a rus 
102 |a RU 
105 |a y j 001zy 
200 1 |a Валеология  |e учебное пособие  |f Э. М. Прохорова  |g Российский государственный университет туризма и сервиса (РГУТиС) 
210 |a Москва  |c Инфра-М  |d 2009 
215 |a 255 с. 
225 1 |a Высшее образование 
320 |a Библиогр.: с. 251-252. 
330 |a Предлагаемое учебное пособие содержит сведения о строении и функционировании отдельных систем и органов, связи наследственности человека и его здоровья, природе психологической конституции человека, связи здоровья с окружающей средой, образом жизни человека, зависимости здоровья от отношения к своему здоровью, установок на здоровый образ жизни, знание своих возможностей, санитарно-гигиенические основы жизни. В программу курса включены также основы биоритмологии, поскольку большинство процессов, происходящих в организме, синхронизированы с периодическими солнечно-лунно-земными, а также космическими влияниями. 
606 1 |a Валеология  |2 stltpush  |3 (RuTPU)RU\TPU\subj\1986  |9 30631 
610 1 |a история 
610 1 |a человек 
610 1 |a анатомия 
610 1 |a физиология 
610 1 |a патология 
610 1 |a жизненные функции 
610 1 |a регуляция 
610 1 |a стрессы 
610 1 |a риски 
610 1 |a факторы 
610 1 |a резервы 
610 1 |a клетки 
610 1 |a ткани 
610 1 |a органы 
610 1 |a опорно-двигательная система 
610 1 |a сердечно-сосудистая система 
610 1 |a система дыхания 
610 1 |a нервная система 
610 1 |a кровь 
610 1 |a лимфа 
610 1 |a пищеварительная система 
610 1 |a половая система 
610 1 |a выделительная система 
610 1 |a органы чувств 
610 1 |a эндокринная система 
610 1 |a имунная система 
610 1 |a генетический код 
610 1 |a любовь 
610 1 |a биоритмология 
610 1 |a биоэнергетика 
610 1 |a хрономедицина 
610 1 |a кодекс здоровья 
610 1 |a учебные пособия 
675 |a 614.2(075.8)  |v 3 
700 1 |a Прохорова  |b Э. М.  |g Эльза Модестовна 
712 0 2 |a Российский государственный университет туризма и сервиса (РГУТиС)  |c (Москва)  |2 stltpush  |3 (RuTPU)RU\TPU\col\12963 
801 1 |a RU  |b 63413507  |c 20091014 
801 2 |a RU  |b 63413507  |c 20150528  |g RCR 
900 |a Валеология 
942 |c BK 
959 |a 103/20091007  |d 2  |e 139,90  |f АНЛ:1  |f ЧЗТЛ:1